[Event "GER OS-264 email"]
[Site "GER email"]
[Date "2015.03.23"]
[Round "?"]
[White "Eife, Gunter"]
[Black "Kern, Manfred"]
[Result "1-0"]
[WhiteElo "1699"]
[BlackElo "1823"]
[PlyCount "85"]
[EventDate "2015.04.03"]
[EventType "tourn (corr)"]
[EventRounds "6"]
[EventCountry "GER"]
[SourceTitle "Corr 2020"]
[Source "ChessBase"]
[SourceDate "2019.09.30"]
[SourceVersion "1"]
[SourceVersionDate "2019.09.30"]
[SourceQuality "1"]

1. e4 e5 2. Nf3 Nc6 3. Bb5 a6 4. Ba4 Nf6 5. 0-0 d6 6. Re1 b5 7. Bb3 Be7 8. c3 0-0 9. h3 Bb7 10. d4 Re8 11. Nbd2 exd4 12. cxd4 Nd7 13. Nf1 Na5 14. Bc2 Bf6 15. N1h2 c5 16. d5 Nc4 17. Rb1 Nce5 18. Nxe5 Nxe5 19. f4 Nd7 20. Nf3 Rc8 21. Bd2 h6 22. Kh1 a5 23. Be3 Qc7 24. Bf2 g6 25. h4 h5 26. Bg3 Rcd8 27. Qd2 Bg7 28. Ng5 Bh6 29. Rf1 Nf6 30. f5 Ng4 31. Bf4 Bc8 32. Rbe1 Bxg5 33. hxg5 b4 34. Bg3 c4 35. fxg6 fxg6 36. e5 c3 37. bxc3 bxc3 38. Qc1 Nxe5 39. Re3 Rf8 40. Rf6 Rxf6 41. gxf6 Qf7 42. Bxe5 dxe5 43. Rf3 1-0

[Event "GER OS-264 email"]
[Site "GER email"]
[Date "2015.03.23"]
[Round "?"]
[White "Frenzel, Lothar"]
[Black "Kern, Manfred"]
[Result "1/2-1/2"]
[WhiteElo "1745"]
[BlackElo "1823"]
[PlyCount "97"]
[EventDate "2015.04.03"]
[EventType "tourn (corr)"]
[EventRounds "6"]
[EventCountry "GER"]
[SourceTitle "Corr 2020"]
[Source "ChessBase"]
[SourceDate "2019.09.30"]
[SourceVersion "1"]
[SourceVersionDate "2019.09.30"]
[SourceQuality "1"]

1. Nf3 e6 2. d4 Nf6 3. c4 b6 4. g3 Bb7 5. Bg2 Be7 6. 0-0 0-0 7. Nc3 Bb4 8. Bd2 Qe7 9. a3 Bxc3 10. Bxc3 Be4 11. Rc1 a5 12. Ne1 Bxg2 13. Nxg2 Ne4 14. Be1 f5 15. f3 Nf6 16. Nf4 Nc6 17. Bf2 a4 18. Qc2 Qf7 19. Rfd1 Ne7 20. Qd2 Ng6 21. Nd3 d6 22. c5 bxc5 23. dxc5 d5 24. c6 Rfe8 25. Qc2 e5 26. Nc5 f4 27. Nxa4 e4 28. Nc3 Qe6 29. Kg2 Qf5 30. Nb5 fxg3 31. hxg3 Nh5 32. Rh1 Qg5 33. Kh2 exf3 34. exf3 Rf8 35. Nd4 Rf6 36. Kg2 Ne5 37. Rcd1 Raf8 38. Qd2 Qg6 39. Rh4 h6 40. Re1 Nxf3 41. Nxf3 Rxf3 42. Qxd5+ Kh7 43. Qxf3 Rxf3 44. Kxf3 Qxc6+ 45. Ke3 Nf6 46. Kd2 Qd5+ 47. Kc1 Qg5+ 48. Be3 Qxg3 49. Rhh1 1/2-1/2

[Event "GER HS-180 email"]
[Site "GER email"]
[Date "2015.01.21"]
[Round "?"]
[White "Langheld, Werner"]
[Black "Kern, Manfred"]
[Result "1/2-1/2"]
[WhiteElo "2014"]
[BlackElo "1824"]
[PlyCount "43"]
[EventDate "2015.02.02"]
[EventType "tourn (corr)"]
[EventRounds "6"]
[EventCountry "GER"]
[SourceTitle "Corr 2020"]
[Source "ChessBase"]
[SourceDate "2019.09.30"]
[SourceVersion "1"]
[SourceVersionDate "2019.09.30"]
[SourceQuality "1"]

1. e4 e5 2. Nf3 Nc6 3. Bc4 Nf6 4. d4 exd4 5. 0-0 Nxe4 6. Re1 d5 7. Bxd5 Qxd5 8. Nc3 Qd7 9. Nxe4 Be7 10. Bg5 0-0 11. Bxe7 Qxe7 12. Nxd4 Bd7 13. c3 Rfe8 14. Qd2 Rad8 15. Rad1 Nxd4 16. cxd4 Qh4 17. Nc3 h6 18. d5 Rxe1+ 19. Rxe1 a6 20. a3 Qg5 21. Qd4 Re8 22. Rxe8+ 1/2-1/2

[Event "GER HS-180 email"]
[Site "GER email"]
[Date "2015.01.21"]
[Round "?"]
[White "Mauermann, Uwe"]
[Black "Kern, Manfred"]
[Result "1-0"]
[WhiteElo "2009"]
[BlackElo "1824"]
[PlyCount "79"]
[EventDate "2015.02.02"]
[EventType "tourn (corr)"]
[EventRounds "6"]
[EventCountry "GER"]
[SourceTitle "Corr 2020"]
[Source "ChessBase"]
[SourceDate "2019.09.30"]
[SourceVersion "1"]
[SourceVersionDate "2019.09.30"]
[SourceQuality "1"]

1. c4 e5 2. Nc3 Nc6 3. Nf3 Nf6 4. g3 Bb4 5. Bg2 0-0 6. a3 Bxc3 7. bxc3 e4 8. Nd4 Ne5 9. d3 d5 10. cxd5 exd3 11. e4 c5 12. dxc6 Qa5 13. 0-0 Qxc3 14. Be3 bxc6 15. Qc1 Qa5 16. Nb3 Qa4 17. Nc5 Qa5 18. Bd2 Qc7 19. f4 Ned7 20. e5 Ng4 21. Rb1 Rb8 22. Qc3 Nxc5 23. Qxc5 Ba6 24. h3 Nh6 25. g4 Bb5 26. f5 Rfe8 27. e6 f6 28. Rf4 Kh8 29. a4 Ba6 30. Rxb8 Rxb8 31. Qxc6 Qxc6 32. Bxc6 Ng8 33. Rd4 h5 34. Kf2 Rc8 35. Bf3 Bc4 36. Bb4 Bb3 37. e7 Nxe7 38. Bxe7 d2 39. g5 fxg5 40. Bxh5 1-0

[Event "GER HS-171 email"]
[Site "GER email"]
[Date "2014.10.06"]
[Round "?"]
[White "Kern, Manfred"]
[Black "Rudolph, Thomas"]
[Result "0-1"]
[WhiteElo "1828"]
[BlackElo "2204"]
[PlyCount "74"]
[EventDate "2014.10.20"]
[EventType "tourn (corr)"]
[EventRounds "6"]
[EventCountry "GER"]
[SourceTitle "Corr 2020"]
[Source "ChessBase"]
[SourceDate "2019.09.30"]
[SourceVersion "1"]
[SourceVersionDate "2019.09.30"]
[SourceQuality "1"]

1. e4 c5 2. Nf3 d6 3. d4 cxd4 4. Nxd4 Nf6 5. Nc3 a6 6. Be2 e5 7. Nb3 Be7 8. 0-0 0-0 9. Be3 Be6 10. Qd3 Nbd7 11. Nd5 Bxd5 12. exd5 Ne8 13. Qd2 f5 14. g3 Nef6 15. f3 Nh5 16. Bf2 Rc8 17. Rae1 Bg5 18. Qb4 Rxc2 19. Qxb7 Bf4 20. Kg2 Rf7 21. Na1 Rd2 22. Qb3 Qg5 23. Rg1 Bxg3 24. hxg3 Nxg3 25. f4 exf4 26. Bxg3 Ne5 27. Kf1 fxg3 28. Qxg3 Qh6 29. Rc1 f4 30. Rc8+ Rf8 31. Rxf8+ Kxf8 32. Qg5 Qh3+ 33. Qg2 Qxg2+ 34. Rxg2 f3 35. Bxf3 Nxf3 36. Nc2 Rxd5 37. Rf2 Rf5 0-1

[Event "GER HS-171 email"]
[Site "GER email"]
[Date "2014.10.06"]
[Round "?"]
[White "Nitschke, Norbert"]
[Black "Kern, Manfred"]
[Result "1/2-1/2"]
[WhiteElo "1706"]
[BlackElo "1828"]
[PlyCount "98"]
[EventDate "2014.10.20"]
[EventType "tourn (corr)"]
[EventRounds "6"]
[EventCountry "GER"]
[SourceTitle "Corr 2020"]
[Source "ChessBase"]
[SourceDate "2019.09.30"]
[SourceVersion "1"]
[SourceVersionDate "2019.09.30"]
[SourceQuality "1"]

1. e4 e5 2. Nf3 Nc6 3. Bb5 a6 4. Bxc6 dxc6 5. 0-0 Bg4 6. h3 Bh5 7. g4 Bg6 8. Nxe5 Qh4 9. Qf3 f6 10. Nxg6 hxg6 11. d4 c5 12. dxc5 Bxc5 13. Nc3 0-0-0 14. Kg2 Ne7 15. Bf4 g5 16. Bh2 Rd7 17. Rad1 Bd4 18. Ne2 Be5 19. Rxd7 Kxd7 20. Bxe5 fxe5 21. Rd1+ Kc8 22. Rd3 Qh7 23. Kg1 Kb8 24. Qf7 Nc6 25. Nc3 Rc8 26. Qf5 g6 27. Qd7 Rh8 28. Qxh7 Rxh7 29. Ne2 Kc8 30. a3 Rd7 31. Rd5 Kd8 32. Kf1 Ke7 33. Rxd7+ Kxd7 34. Ng1 Ke7 35. Nf3 Kf6 36. c3 Nd8 37. Ne1 c5 38. b3 Ne6 39. Nd3 b5 40. c4 Ke7 41. Nxe5 bxc4 42. bxc4 Nf4 43. Ke1 Nxh3 44. a4 Ke6 45. Nd3 Kd6 46. Ke2 Nf4+ 47. Ke3 Nxd3 48. Kxd3 a5 49. f3 Ke6 1/2-1/2

[Event "GER HS-165 email"]
[Site "GER email"]
[Date "2014.05.15"]
[Round "?"]
[White "Granz, Thomas"]
[Black "Kern, Manfred"]
[Result "1/2-1/2"]
[WhiteElo "1778"]
[BlackElo "1864"]
[PlyCount "71"]
[EventDate "2014.05.26"]
[EventType "tourn (corr)"]
[EventRounds "6"]
[EventCountry "GER"]
[SourceTitle "Corr 2020"]
[Source "ChessBase"]
[SourceDate "2019.09.30"]
[SourceVersion "1"]
[SourceVersionDate "2019.09.30"]
[SourceQuality "1"]

1. d4 Nf6 2. c4 e6 3. Nf3 b6 4. e3 Bb7 5. Be2 Bb4+ 6. Bd2 Be7 7. 0-0 c5 8. Nc3 0-0 9. Rc1 d6 10. Qc2 Nbd7 11. Rfd1 a6 12. b3 d5 13. cxd5 exd5 14. Qf5 g6 15. Qh3 Re8 16. dxc5 Nxc5 17. Nd4 Rc8 18. f3 Ne6 19. Nxe6 fxe6 20. Qxe6+ Kg7 21. Qh3 Ba3 22. Rb1 Bb4 23. Ne4 Bxd2 24. Rxd2 Qe7 25. Nxf6 Qxe3+ 26. Kf1 Kxf6 27. Qh4+ Kg7 28. Rbd1 b5 29. Bd3 Qc5 30. a4 bxa4 31. bxa4 Re7 32. Rc2 Qd6 33. Rxc8 Bxc8 34. Qd4+ Qf6 35. Qc5 Bb7 36. a5 1/2-1/2

[Event "GER HS-165 email"]
[Site "GER email"]
[Date "2014.05.15"]
[Round "?"]
[White "Kern, Manfred"]
[Black "Nitschke, Norbert"]
[Result "1-0"]
[WhiteElo "1864"]
[BlackElo "1779"]
[PlyCount "117"]
[EventDate "2014.05.26"]
[EventType "tourn (corr)"]
[EventRounds "6"]
[EventCountry "GER"]
[SourceTitle "Corr 2020"]
[Source "ChessBase"]
[SourceDate "2019.09.30"]
[SourceVersion "1"]
[SourceVersionDate "2019.09.30"]
[SourceQuality "1"]

1. d4 Nf6 2. c4 e6 3. Nf3 d5 4. g3 dxc4 5. Qa4+ Nc6 6. Bg2 Bb4+ 7. Bd2 Bxd2+ 8. Nbxd2 0-0 9. e3 Qd5 10. Qxc4 Bd7 11. Rc1 a6 12. 0-0 Qb5 13. Qc2 Rad8 14. a3 a5 15. Nc4 a4 16. Rfd1 Ne7 17. Nce5 Bc6 18. Bf1 Qd5 19. Nxc6 Nxc6 20. Ne1 e5 21. dxe5 Qxe5 22. Nd3 Qe4 23. Bg2 Qf5 24. Qc5 Qc8 25. Bxc6 bxc6 26. Qxc6 Qf5 27. Ne1 Ne4 28. Qc2 g6 29. f3 Ng5 30. Qxf5 gxf5 31. Kf2 Kg7 32. Rxd8 Rxd8 33. Ke2 Ne6 34. Rc4 Ra8 35. Nd3 Ra5 36. f4 Rd5 37. Kd2 h5 38. Kc2 Ra5 39. b3 axb3+ 40. Kxb3 Kf8 41. a4 c5 42. Rc2 f6 43. Nb2 Ke7 44. Nc4 Ra7 45. Nb6 Rb7 46. a5 Kd6 47. Rd2+ Kc6 48. Kc4 Nc7 49. Rd8 Nb5 50. Rc8+ Rc7 51. Rxc7+ Nxc7 52. Nc8 Nd5 53. Na7+ Kd6 54. a6 Nxe3+ 55. Kb5 Kc7 56. Kxc5 Kb8 57. Nb5 Ka8 58. h3 Kb8 59. Kc6 1-0

[Event "GER HS-165 email"]
[Site "GER email"]
[Date "2014.05.15"]
[Round "?"]
[White "Kern, Manfred"]
[Black "Rickert, Willi"]
[Result "0-1"]
[WhiteElo "1864"]
[BlackElo "2064"]
[PlyCount "55"]
[EventDate "2014.05.26"]
[EventType "tourn (corr)"]
[EventRounds "6"]
[EventCountry "GER"]
[SourceTitle "Corr 2020"]
[Source "ChessBase"]
[SourceDate "2019.09.30"]
[SourceVersion "1"]
[SourceVersionDate "2019.09.30"]
[SourceQuality "1"]

1. d4 f5 2. c4 Nf6 3. Nf3 g6 4. Nc3 Bg7 5. g3 0-0 6. Bg2 d6 7. 0-0 Nc6 8. d5 Na5 9. Qd3 e5 10. dxe6 Bxe6 11. b3 Nc6 12. Ng5 Bd7 13. Rb1 Qe7 14. Bb2 h6 15. Nh3 g5 16. f4 Ne4 17. Nd5 Qf7 18. Bxg7 Qxg7 19. Nxc7 Nb4 20. Qd1 Rad8 21. fxg5 hxg5 22. Nd5 Nxd5 23. Qxd5+ Kh8 24. Bxe4 Bc6 25. Qd2 Bxe4 26. Rbd1 Rg8 27. Qd4 Kh7 28. Qxg7+ 0-1

[Event "GER HS-165 email"]
[Site "GER email"]
[Date "2014.05.15"]
[Round "?"]
[White "Wnuck, Marek Von"]
[Black "Kern, Manfred"]
[Result "1-0"]
[WhiteElo "1990"]
[BlackElo "1864"]
[PlyCount "55"]
[EventDate "2014.05.26"]
[EventType "tourn (corr)"]
[EventRounds "6"]
[EventCountry "GER"]
[SourceTitle "Corr 2020"]
[Source "ChessBase"]
[SourceDate "2019.09.30"]
[SourceVersion "1"]
[SourceVersionDate "2019.09.30"]
[SourceQuality "1"]

1. e4 e6 2. d4 d5 3. Nc3 Nf6 4. Bg5 Be7 5. e5 Nfd7 6. h4 h6 7. Bxe7 Qxe7 8. Qd2 a6 9. f4 c5 10. dxc5 Nxc5 11. Nf3 b5 12. 0-0-0 Bb7 13. Bd3 0-0 14. Ne2 Nbd7 15. Ned4 Ne4 16. Qe3 Rac8 17. f5 Rfd8 18. Rh3 Ndc5 19. Bxe4 Nxe4 20. f6 Qc7 21. g4 Re8 22. g5 Kh8 23. Rg1 Rg8 24. g6 Qd7 25. Ng5 fxg6 26. Nxe4 dxe4 27. Rxg6 Bd5 28. Rhg3 1-0

[Event "GER HS-150 email"]
[Site "GER email"]
[Date "2013.06.07"]
[Round "?"]
[White "Kern, Manfred"]
[Black "Rickert, Willi"]
[Result "0-1"]
[WhiteElo "1861"]
[BlackElo "2011"]
[PlyCount "92"]
[EventDate "2013.06.13"]
[EventType "tourn (corr)"]
[EventRounds "6"]
[EventCountry "GER"]
[SourceTitle "Corr 2015"]
[Source "ChessBase"]
[SourceDate "2015.07.17"]
[SourceVersion "1"]
[SourceVersionDate "2015.07.17"]
[SourceQuality "1"]

1. e4 e5 2. Nf3 Nc6 3. Bb5 a6 4. Bxc6 dxc6 5. 0-0 Qf6 6. d4 exd4 7. Bg5 Qd6 8. Qxd4 Qxd4 9. Nxd4 Bd7 10. Rd1 f6 11. Be3 0-0-0 12. Nd2 Nh6 13. Bxh6 gxh6 14. N2f3 Bc5 15. Nf5 Rhe8 16. Re1 Bf8 17. Rad1 c5 18. Ng3 Be6 19. Rxd8+ Rxd8 20. a3 Rd6 21. e5 fxe5 22. Nxe5 c4 23. h3 c3 24. bxc3 Rd2 25. Nc6 Rd6 26. Nd4 Bd7 27. Ngf5 Bxf5 28. Nxf5 Rf6 29. g4 Bxa3 30. Kg2 Bc5 31. f4 a5 32. Re8+ Kd7 33. Re5 Rc6 34. Rd5+ Ke8 35. Ng7+ Kf7 36. Rd7+ Kf8 37. f5 Be7 38. Ne6+ Ke8 39. Rxc7 Rxc7 40. Nxc7+ Kf7 41. Nb5 a4 42. c4 Bb4 43. Kf3 a3 44. Nxa3 Bxa3 45. Ke4 Kf6 46. Kd5 h5 0-1

[Event "GER HS-150 email"]
[Site "GER email"]
[Date "2013.06.07"]
[Round "?"]
[White "Koestner, Wolfgang"]
[Black "Kern, Manfred"]
[Result "1/2-1/2"]
[WhiteElo "1921"]
[BlackElo "1861"]
[PlyCount "90"]
[EventDate "2013.06.13"]
[EventType "tourn (corr)"]
[EventRounds "6"]
[EventCountry "GER"]
[SourceTitle "Corr 2015"]
[Source "ChessBase"]
[SourceDate "2015.07.17"]
[SourceVersion "1"]
[SourceVersionDate "2015.07.17"]
[SourceQuality "1"]

1. Nf3 d5 2. c4 d4 3. b4 Bg4 4. e3 e5 5. h3 Bxf3 6. Qxf3 Nf6 7. Qxb7 Nbd7 8. exd4 exd4 9. Be2 Rb8 10. Qxa7 Bxb4 11. Qxd4 0-0 12. 0-0 Re8 13. Qd3 Qe7 14. Bd1 Ne5 15. Qf5 Qd6 16. Nc3 Nxc4 17. Qc2 Ne5 18. Rb1 Nd3 19. Be2 Nf4 20. Bf3 Ne6 21. Ne4 Nxe4 22. Bxe4 g6 23. d3 Nd4 24. Qc4 Ne2+ 25. Kh1 Nxc1 26. Rbxc1 Ba5 27. Qa4 Re5 28. f4 Reb5 29. Qc4 Bd2 30. a4 R5b6 31. Rcd1 Rb4 32. Qc6 Bxf4 33. a5 Rd8 34. Qxd6 Bxd6 35. Ra1 Bc5 36. g4 Rd7 37. a6 Ba7 38. Ra2 Kg7 39. Kg2 Rd6 40. Rc1 c5 41. Rca1 Rbb6 42. g5 h6 43. h4 Rb4 44. Kf3 h5 45. Ra4 Rdd4 1/2-1/2

[Event "GER HS-145 email"]
[Site "GER email"]
[Date "2013.03.25"]
[Round "?"]
[White "Kern, Manfred"]
[Black "Mayer, Johann"]
[Result "1/2-1/2"]
[WhiteElo "1854"]
[BlackElo "2039"]
[PlyCount "105"]
[EventDate "2013.04.01"]
[EventType "tourn (corr)"]
[EventRounds "6"]
[EventCountry "GER"]
[SourceTitle "Corr 2015"]
[Source "ChessBase"]
[SourceDate "2015.07.17"]
[SourceVersion "1"]
[SourceVersionDate "2015.07.17"]
[SourceQuality "1"]

1. e4 e6 2. d4 d5 3. Nc3 Nf6 4. Bg5 dxe4 5. Nxe4 Be7 6. Bxf6 Bxf6 7. Nf3 0-0 8. Bc4 Nc6 9. c3 e5 10. d5 Nb8 11. 0-0 Bg4 12. h3 Bf5 13. Ng3 Bg6 14. Bd3 Bxd3 15. Qxd3 Nd7 16. Rfe1 Re8 17. Rad1 a6 18. Qc4 Qc8 19. Nf5 b5 20. Qc6 g6 21. Ng3 Bg7 22. d6 Ra7 23. Ne4 cxd6 24. Qxd6 Bf8 25. Qd3 Qc6 26. Qd5 Qe6 27. Qxe6 Rxe6 28. g4 f6 29. Rd2 Be7 30. Red1 Nb6 31. b3 Rc7 32. Kg2 Kg7 33. Rd3 h6 34. Ng1 f5 35. Ng3 e4 36. Rd4 fxg4 37. Nxe4 Bf6 38. Nxf6 gxh3+ 39. Nxh3 Rxf6 40. R1d3 Nc8 41. Nf4 Rcf7 42. Kg3 Kh7 43. f3 Ne7 44. Re4 Nf5+ 45. Kf2 Nh4 46. Kg3 g5 47. Nd5 Rxf3+ 48. Rxf3 Rxf3+ 49. Kg4 Rd3 50. Nf6+ Kg6 51. Re6 Kf7 52. Rxa6 Rxc3 53. Ne4 1/2-1/2

[Event "GER HS-145 email"]
[Site "GER email"]
[Date "2013.03.25"]
[Round "?"]
[White "Vieth, Martin"]
[Black "Kern, Manfred"]
[Result "1/2-1/2"]
[WhiteElo "1951"]
[BlackElo "1854"]
[PlyCount "29"]
[EventDate "2013.04.01"]
[EventType "tourn (corr)"]
[EventRounds "6"]
[EventCountry "GER"]
[SourceTitle "Corr 2015"]
[Source "ChessBase"]
[SourceDate "2015.07.17"]
[SourceVersion "1"]
[SourceVersionDate "2015.07.17"]
[SourceQuality "1"]

1. e4 e5 2. Nf3 Nc6 3. Bb5 a6 4. Bxc6 dxc6 5. 0-0 Bg4 6. h3 h5 7. d3 Qf6 8. Nbd2 Ne7 9. Re1 Ng6 10. d4 Nf4 11. hxg4 hxg4 12. g3 gxf3 13. Qxf3 Ne6 14. dxe5 Qxe5 15. Qf5 1/2-1/2

[Event "GER HS-136 email"]
[Site "GER email"]
[Date "2012.10.26"]
[Round "?"]
[White "Jansen, Uwe"]
[Black "Kern, Manfred"]
[Result "1-0"]
[WhiteElo "1856"]
[BlackElo "1854"]
[PlyCount "97"]
[EventDate "2012.11.02"]
[EventType "tourn (corr)"]
[EventRounds "6"]
[EventCountry "GER"]
[SourceTitle "Corr 2015"]
[Source "ChessBase"]
[SourceDate "2015.07.17"]
[SourceVersion "1"]
[SourceVersionDate "2015.07.17"]
[SourceQuality "1"]

1. e4 e5 2. Nf3 Nc6 3. Bb5 Nf6 4. 0-0 Nxe4 5. d4 exd4 6. Re1 d5 7. Nxd4 Bc5 8. Bxc6+ bxc6 9. f3 Qh4 10. g3 Qh5 11. fxe4 Qxd1 12. Rxd1 Bg4 13. Rd2 0-0-0 14. b4 Bxb4 15. Nxc6 Bxd2 16. Bxd2 Rde8 17. exd5 Bd7 18. Nd4 Re4 19. Nb3 h5 20. Nc3 Rc4 21. Rd1 h4 22. Rf1 hxg3 23. hxg3 f6 24. Re1 Re8 25. Rxe8+ Bxe8 26. Kf2 c6 27. Na5 Rc5 28. Nxc6 Bxc6 29. dxc6 Rxc6 30. a3 Kd7 31. Ke2 a6 32. Ke3 Re6+ 33. Kd4 Kc6 34. Be3 Re5 35. Kd3 Rh5 36. Ne2 Rh3 37. c4 Kd7 38. Ke4 Rh5 39. Nd4 Re5+ 40. Kd3 Rh5 41. Bd2 Rh3 42. Bf4 Rh5 43. Kc3 a5 44. Kb3 Rc5 45. Nb5 g5 46. Bd6 Rxb5+ 47. cxb5 Kxd6 48. Kc4 f5 49. a4 1-0

[Event "GER HS-136 email"]
[Site "GER email"]
[Date "2012.10.26"]
[Round "?"]
[White "Kern, Manfred"]
[Black "Liewer, Markus"]
[Result "0-1"]
[WhiteElo "1854"]
[BlackElo "1959"]
[PlyCount "68"]
[EventDate "2012.11.02"]
[EventType "tourn (corr)"]
[EventRounds "6"]
[EventCountry "GER"]
[SourceTitle "Corr 2015"]
[Source "ChessBase"]
[SourceDate "2015.07.17"]
[SourceVersion "1"]
[SourceVersionDate "2015.07.17"]
[SourceQuality "1"]

1. e4 c5 2. Nf3 g6 3. d4 cxd4 4. Nxd4 Nc6 5. c4 Bg7 6. Be3 Nf6 7. Nc3 0-0 8. Be2 d6 9. 0-0 Bd7 10. h3 Nxd4 11. Bxd4 Bc6 12. Bf3 a5 13. Re1 Nd7 14. Bxg7 Kxg7 15. Qd4+ f6 16. Re3 Qb6 17. Qd2 Ne5 18. Be2 e6 19. Rd1 Rad8 20. b3 Rfe8 21. h4 Qc5 22. Rh3 Re7 23. h5 Nf7 24. Qf4 Qg5 25. Qe3 Qxe3 26. Rxe3 g5 27. g3 Rg8 28. Kf1 Rd8 29. Red3 Ree8 30. f4 gxf4 31. gxf4 e5 32. f5 Rg8 33. Rg3+ Ng5 34. Rxd6 Rxd6 0-1

[Event "GER HS-136 email"]
[Site "GER email"]
[Date "2012.10.26"]
[Round "?"]
[White "Kern, Manfred"]
[Black "Preussner, Michael"]
[Result "1/2-1/2"]
[WhiteElo "1854"]
[BlackElo "1890"]
[PlyCount "67"]
[EventDate "2012.11.02"]
[EventType "tourn (corr)"]
[EventRounds "6"]
[EventCountry "GER"]
[SourceTitle "Corr 2015"]
[Source "ChessBase"]
[SourceDate "2015.07.17"]
[SourceVersion "1"]
[SourceVersionDate "2015.07.17"]
[SourceQuality "1"]

1. e4 e5 2. Nf3 Nc6 3. Bb5 f5 4. Nc3 fxe4 5. Nxe4 d5 6. Nxe5 dxe4 7. Nxc6 Qg5 8. Qe2 Nf6 9. f4 Qxf4 10. Ne5+ c6 11. d4 Qh4+ 12. g3 Qh3 13. Bc4 Be6 14. Bg5 0-0-0 15. 0-0-0 Bd6 16. Rhf1 Rhf8 17. g4 Bxc4 18. Qxc4 h6 19. Qe6+ Kc7 20. Bxf6 Rxf6 21. Rxf6 gxf6 22. Qf7+ Kc8 23. Qxf6 Qe3+ 24. Kb1 Qe2 25. Rc1 Bxe5 26. Qf5+ Kc7 27. Qxe5+ Kc8 28. Qe6+ Kc7 29. c3 Kb6 30. Qb3+ Kc7 31. Qf7+ Kb6 32. Qb3+ Kc7 33. Qf7+ Kb6 34. Qb3+ 1/2-1/2